000 00303nam a22001337a 4500
008 170302b xxu||||| |||| 00| 0 eng d
020 _a9780070051157
041 _aeng
080 _22ND
_a616.073
100 _a6
101 _aSHM
245 _aRADIATION THERAPY PLANNING
_cBENTEL, G.C
942 _2udc
_cBK
999 _c6544
_d6544